| 000 -CABECERA |
| Longitud fija campo de control |
00792nam a22002297a 4500 |
| 003 - IDENTIFICADOR DEL NÚMERO DE CONTROL |
| Identificador del número de control |
OSt |
| 005 - FECHA Y HORA DE LA ÚLTIMA TRANSACCIÓN |
| Fecha y hora de la última transacción |
20170731124050.0 |
| 008 - CÓDIGOS DE INFORMACIÓN DE LONGITUD FIJA |
| Códigos de información de longitud fija |
170731e201705 sp 000 0 cat d |
| 020 ## - NÚMERO INTERNACIONAL NORMALIZADO PARA LIBROS |
| Número Internacional Normalizado para Libros (ISBN) |
9788498887822 |
| 040 ## - FUENTE DE LA CATALOGACIÓN |
| Centro catalogador de origen |
ES-LlUDL |
| Lengua de catalogación |
cat |
| Centro transcriptor |
CDMR |
| 100 1# - PUNTO DE ACCESO PRINCIPAL-NOMBRE DE PERSONA |
| Nombre de persona |
Juliana, Enric, |
| Fechas asociadas al nombre |
1957- |
| 245 10 - MENCIÓN DE TÍTULO |
| Título |
Esperant els robots |
| Resto del título |
: mapes i transicions polítiques : algunes idees sobre l'endemà |
| Mención de responsabilidad, etc. |
/ Enric Juliana ; entrevistat per Roger Palà |
| 260 ## - PUBLICACIÓN, DISTRIBUCIÓN, ETC. (PIE DE IMPRENTA) |
| Lugar de publicación, distribución, etc. |
Barcelona : |
| Nombre del editor, distribuidor, etc. |
Icaria, |
| Fecha de publicación, distribución, etc. |
2017 |
| 300 ## - DESCRIPCIÓN FÍSICA |
| Extensión |
98 pàgines ; |
| Dimensiones |
22 cm |
| 490 0# - MENCIÓN DE SERIE |
| Mención de serie |
Más madera. En profunditat ; |
| Designación de volumen o secuencia |
137 |
| 600 10 - PUNTO DE ACCESO ADICIONAL DE MATERIA - NOMBRE DE PERSONA |
| Nombre de persona |
Juliana, Enric |
| Subdivisión de materia general (R ) |
Intervius |
| 650 #4 - PUNTO DE ACCESO ADICIONAL DE MATERIA - TÉRMINO DE MATERIA |
| Término de materia o nombre geográfico como elemento inicial |
Relacions internacionals |
| Subdivisión cronológica |
S. XXI |
| 650 #0 - PUNTO DE ACCESO ADICIONAL DE MATERIA - TÉRMINO DE MATERIA |
| Término de materia o nombre geográfico como elemento inicial |
Política mundial |
| Subdivisión cronológica |
S. XXI |
| 9 (RLIN) |
3994 |
| 651 #4 - PUNTO DE ACCESO ADICIONAL DE MATERIA - NOMBRE GEOGRÁFICO |
| Nombre geográfico |
Espanya |
| Subdivisión de materia general |
Política i govern |
| Subdivisión cronológica |
S. XXI |
| 700 1# - PUNTO DE ACCESO ADICIONAL - NOMBRE DE PERSONA |
| Nombre de persona |
Palà, Roger |
| Fechas asociadas al nombre |
1978- |
| 9 (RLIN) |
3344 |
| 942 ## - ENTRADA DE ELEMENTOS AGREGADOS (KOHA) |
| Koha [por defecto] tipo de item |
Monografies |